00342nam a2200121Ia 4500008004100000020001800041041000800059082003000067100003900097245004000136260003500176300000900211230411s9999 xx 000 0 und d a0-4127-9290-7 aeng aMS/616.992/LAW/FRI/B06040 aLawton Frank & Friedlander Michael aEssentials of Gynaecological Cancer bChapman and HallaLondonc1998 a374p